Kỹ thuật khoan thực hành

Spremljeno u:
Bibliografski detalji
Glavni autor: Công Bình
Format: Knjiga
Jezik:Undetermined
Izdano: Tp. Hồ Chí Minh Thanh Niên 2004
Teme:
Oznake: Dodaj oznaku
Bez oznaka, Budi prvi tko označuje ovaj zapis!
Thư viện lưu trữ: Trung tâm Học liệu Trường Đại học Cần Thơ
LEADER 00527nam a2200193Ia 4500
001 CTU_74024
008 210402s9999 xx 000 0 und d
020 |b 20000 
082 |a 621.82 
082 |b C455 
100 |a Công Bình 
245 0 |a Kỹ thuật khoan thực hành 
245 0 |c Công Bình 
260 |a Tp. Hồ Chí Minh 
260 |b Thanh Niên 
260 |c 2004 
650 |a Machine design,Mechanical engineering 
904 |i Năm 
980 |a Trung tâm Học liệu Trường Đại học Cần Thơ